| 000 | 00354nam a2200133Ia 4500 | ||
|---|---|---|---|
| 008 | 191014s9999 xx 000 0 und d | ||
| 020 | _a0-631-16847-8 | ||
| 082 |
_a113 _bSTE |
||
| 100 |
_aLan Stewart _920420 |
||
| 245 | 0 | _aDoes God Play Dice? The Mathematics of Chaos | |
| 260 |
_aUK _bBilling and Sons Ltd. _c1990 |
||
| 300 | _aPeg,348 | ||
| 942 | _cBK | ||
| 999 |
_c531002 _d531002 |
||